[Event "III Festival A"]
[Site "Lido degli Estensi - Comacchio ITA"]
[Date "2002.06.15"]
[Round "8"]
[White "Genocchio, Daniele"]
[Black "Ortega, Lexy"]
[Result "1/2-1/2"]
[WhiteElo "2326"]
[BlackElo "2463"]
[PlyCount "161"]
[EventDate "2002.06.07"]

1. e4 c5 2. Nf3 e6 3. d3 Nc6 4. g3 g6 5. Bg2 Bg7 6. O-O Nge7 7. c3 e5 8. a3 O-O
9. b4 d6 10. Nbd2 Kh8 11. Nb3 a5 12. b5 Nb8 13. a4 Nd7 14. d4 exd4 15. cxd4 c4
16. Nbd2 Nb6 17. Ba3 f5 18. Rc1 Be6 19. Re1 Bg8 20. e5 d5 21. Nb1 h6 22. Nh4
Kh7 23. f4 Be6 24. Nc3 Rg8 25. Qd2 Bf8 26. Nf3 Nec8 27. Bc5 Nd7 28. Bxf8 Nxf8
29. Kf2 Nb6 30. Rg1 Rc8 31. Ra1 Rg7 32. Bf1 Rcc7 33. h4 Nc8 34. Rb1 b6 35. Be2
Kg8 36. Rh1 Nh7 37. Rh2 Kf8 38. Qc1 Qe7 39. Ke3 Ke8 40. Qd2 Kd8 41. Kf2 Rd7 42.
Rbh1 Kc7 43. Ne1 Kb8 44. Nc2 Qd8 45. Ne3 Ne7 46. Bf3 Nf8 47. Rd1 Qc7 48. Qe1
Ka7 49. Qe2 Nh7 50. Rg1 Qd8 51. Rgh1 Rg8 52. Rd1 Qf8 53. Kf1 Qf7 54. Kf2 Qg7
55. Rdh1 Qf7 56. Bg2 Rgd8 57. Nc2 Qg8 58. Ne1 Qf8 59. Qc2 Qg7 60. Qc1 Qg8 61.
Nf3 Nc8 62. Qb1 Rg7 63. Qc1 Ne7 64. Qa3 Nf8 65. Qc1 Bf7 66. Qa3 Rd7 67. Qc1 Ne6
68. Qe3 Qd8 69. Rd1 Ng8 70. Bh3 Ne7 71. Bf1 Bg8 72. Bg2 Qc7 73. Qc1 Qd8 74. Ne2
Bh7 75. Qe3 Qf8 76. Rdh1 Nc8 77. Nc3 Qe8 78. Nd2 Ne7 79. Nf3 Qc8 80. Rd1 Qc7
81. Rg1 1/2-1/2

[Event "III Festival A"]
[Site "Lido degli Estensi - Comacchio ITA"]
[Date "2002.06.15"]
[Round "8"]
[White "Glek, Igor V."]
[Black "Timoscenko, Gennadij A."]
[Result "1-0"]
[WhiteElo "2605"]
[BlackElo "2522"]
[PlyCount "45"]
[EventDate "2002.06.07"]

1. e4 e5 2. Nf3 Nf6 3. d4 Nxe4 4. dxe5 d5 5. Nbd2 Nxd2 6. Qxd2 Bc5 7. Bd3 O-O
8. O-O f6 9. c4 dxc4 10. Bxc4+ Kh8 11. exf6 Qxf6 12. Qd5 Bb6 13. Bg5 c6 14. Qd2
Qf5 15. Rae1 Na6 16. Ne5 Bc7 17. g4 Qxe5 18. Rxe5 Bxe5 19. Re1 Bc7 20. Re7 Bd8
21. Rf7 Rg8 22. Bxd8 Be6 23. Bxe6 1-0

[Event "III Festival A"]
[Site "Lido degli Estensi - Comacchio ITA"]
[Date "2002.06.15"]
[Round "8"]
[White "Iordachescu, Viorel"]
[Black "Bukal, Vladimir jr"]
[Result "1-0"]
[WhiteElo "2555"]
[BlackElo "2393"]
[PlyCount "84"]
[EventDate "2002.06.07"]

1. e4 e6 2. d4 d5 3. Nc3 Bb4 4. e5 Ne7 5. a3 Bxc3+ 6. bxc3 c5 7. Nf3 Nbc6 8.
Rb1 Qc7 9. h4 Bd7 10. h5 O-O-O 11. h6 gxh6 12. Bxh6 Rdg8 13. Bg5 h5 14. Bf6 Rh6
15. Nh4 cxd4 16. cxd4 Qa5+ 17. Qd2 Qxd2+ 18. Kxd2 Rg4 19. Nf3 Nf5 20. c3 Na5
21. g3 Nc4+ 22. Kc1 a6 23. Ra1 Ba4 24. Be2 Nxg3 25. fxg3 Rxg3 26. Bh4 Rg2 27.
Bxc4 dxc4 28. Ne1 Re2 29. Rb1 Bc6 30. Rh3 Rg6 31. Rb2 Re4 32. Rbh2 Rgg4 33. Kd2
b5 34. Bf2 Ref4 35. Rxh5 Bd5 36. Nc2 Rf3 37. Ne3 Rgf4 38. Be1 Be4 39. R5h4 Bg6
40. Rxf4 Rxf4 41. Rh4 Rxh4 42. Bxh4 Kd7 1-0

[Event "III Festival A"]
[Site "Lido degli Estensi - Comacchio ITA"]
[Date "2002.06.15"]
[Round "8"]
[White "Isonzo, David"]
[Black "Barlocco, Carlo"]
[Result "1-0"]
[WhiteElo "2360"]
[BlackElo "2129"]
[PlyCount "115"]
[EventDate "2002.06.07"]

1. e4 c5 2. Nf3 e6 3. d4 cxd4 4. Nxd4 Nf6 5. Nc3 Qb6 6. Ndb5 Bc5 7. Qf3 a6 8.
e5 axb5 9. exf6 gxf6 10. Ne4 Be7 11. Nxf6+ Kd8 12. Ne4 Qc6 13. Ng5 Qxf3 14.
gxf3 Ke8 15. Bxb5 Nc6 16. c3 Ra5 17. a4 d5 18. f4 Bd7 19. Nf3 Rg8 20. Bd2 Ra8
21. Ke2 Bd6 22. Rhg1 Ke7 23. Rxg8 Rxg8 24. Rg1 Rxg1 25. Nxg1 Na5 26. Bxd7 Kxd7
27. Nf3 f6 28. h3 Nc6 29. Kd3 Ne7 30. Nh4 Kc6 31. b3 Bc7 32. Bc1 Bd6 33. Nf3
Ng6 34. f5 exf5 35. Nd4+ Kd7 36. Nxf5 Bf4 37. Be3 Bc7 38. Nd4 Ne5+ 39. Ke2 Nf7
40. Kf3 Nd6 41. Bf4 Ne4 42. Bxc7 Kxc7 43. Nb5+ Kd7 44. Ke3 Nc5 45. Nd4 Kd6 46.
f3 Ke5 47. a5 Na6 48. b4 Nc7 49. Kd3 Kf4 50. b5 h5 51. a6 Nxa6 52. bxa6 bxa6
53. Nc6 Kg3 54. Ne7 a5 55. Nxd5 Kxh3 56. Nf4+ Kh4 57. c4 Kg5 58. Nxh5 1-0

[Event "III Festival A"]
[Site "Lido degli Estensi - Comacchio ITA"]
[Date "2002.06.15"]
[Round "8"]
[White "Kort, Jacob"]
[Black "Brumen, Dinko"]
[Result "0-1"]
[WhiteElo "2250"]
[BlackElo "2408"]
[PlyCount "76"]
[EventDate "2002.06.07"]

1. d4 d5 2. c4 e6 3. Nf3 Nf6 4. Bg5 c6 5. e3 Nbd7 6. cxd5 exd5 7. Nc3 Be7 8.
Bd3 O-O 9. Qc2 Re8 10. O-O Nf8 11. Rab1 a5 12. a3 Ng6 13. Rfe1 Ne4 14. Bxe7
Qxe7 15. Bxe4 dxe4 16. Nd2 f5 17. Na4 Be6 18. Qc5 Qf7 19. Nb6 Rad8 20. g3 Ne7
21. Qxa5 Nd5 22. Nxd5 Bxd5 23. Rbc1 Rd6 24. Nf1 g5 25. Qd2 Qh5 26. Rc2 Qh3 27.
Qb4 Rh6 28. Qxb7 f4 29. exf4 gxf4 30. f3 e3 31. Qc7 Rf8 32. Nxe3 fxe3 33. Rxe3
Qf5 34. Rf2 Rhf6 35. Re5 Qb1+ 36. Kg2 Bxf3+ 37. Rxf3 Qxb2+ 38. Kh3 Rh6+ 0-1

[Event "III Festival A"]
[Site "Lido degli Estensi - Comacchio ITA"]
[Date "2002.06.15"]
[Round "8"]
[White "Laketic, Gojko"]
[Black "Cebalo, Miso"]
[Result "0-1"]
[WhiteElo "2446"]
[BlackElo "2515"]
[PlyCount "90"]
[EventDate "2002.06.07"]

1. e4 c5 2. Nf3 d6 3. d4 cxd4 4. Nxd4 Nf6 5. Nc3 g6 6. Be3 Bg7 7. f3 O-O 8. Qd2
Nc6 9. Bc4 Bd7 10. h4 Qa5 11. Bb3 Rfc8 12. O-O-O Ne5 13. h5 Nxh5 14. g4 Nf6 15.
Bh6 Bxh6 16. Qxh6 Rxc3 17. bxc3 Qxc3 18. Kb1 Rc8 19. Qd2 a5 20. g5 Nh5 21. Qxc3
Rxc3 22. Kb2 Rc5 23. a3 Kg7 24. Rh4 a4 25. Ba2 Bb5 26. f4 Nc4+ 27. Bxc4 Bxc4
28. Rdh1 e6 29. f5 Kf8 30. R1h2 Ke7 31. Rxh5 gxh5 32. Rxh5 Re5 33. Rxh7 Rxe4
34. g6 Rxd4 35. Rxf7+ Ke8 36. f6 e5 37. Rxb7 Rf4 38. Re7+ Kd8 39. Ra7 Rxf6 40.
Rxa4 Be6 41. g7 Rg6 42. Ra7 Ke8 43. a4 Bf7 44. a5 Rxg7 45. a6 Rg4 0-1

[Event "III Festival A"]
[Site "Lido degli Estensi - Comacchio ITA"]
[Date "2002.06.15"]
[Round "8"]
[White "Misanovic, Vesna"]
[Black "Kohlweyer, Bernd"]
[Result "0-1"]
[WhiteElo "2347"]
[BlackElo "2453"]
[PlyCount "74"]
[EventDate "2002.06.07"]

1. e4 c5 2. Nf3 d6 3. d4 cxd4 4. Nxd4 Nf6 5. Nc3 a6 6. Be2 e6 7. O-O Nbd7 8.
Be3 b5 9. f3 Bb7 10. a4 b4 11. Na2 d5 12. Qd2 dxe4 13. Nxb4 Qc7 14. Rad1 Be7
15. c3 Nc5 16. a5 O-O 17. Kh1 Rac8 18. fxe4 Nfxe4 19. Qe1 Bf6 20. Bg1 Be5 21.
Qh4 g6 22. Nd3 Bg7 23. Nxc5 Nxc5 24. Bf3 e5 25. Bxb7 Qxb7 26. Nf3 h6 27. Be3 e4
28. Nd2 Qxb2 29. Bxh6 Bxh6 30. Qxh6 Qxc3 31. Rc1 Qd4 32. Rc4 Qd3 33. h3 Nb3 34.
Rxf7 Kxf7 35. Qh7+ Kf6 36. Nxe4+ Ke6 37. Qxg6+ Kd5 0-1

[Event "III Festival A"]
[Site "Lido degli Estensi - Comacchio ITA"]
[Date "2002.06.15"]
[Round "8"]
[White "Mrdja, Milan"]
[Black "Mitkov, Nikola"]
[Result "0-1"]
[WhiteElo "2411"]
[BlackElo "2493"]
[PlyCount "88"]
[EventDate "2002.06.07"]

1. e4 e5 2. Nf3 Nc6 3. Bb5 Nf6 4. Qe2 Bc5 5. Bxc6 bxc6 6. d3 O-O 7. Bg5 Re8 8.
Nbd2 a5 9. O-O h6 10. Bh4 d6 11. Kh1 Qe7 12. Ne1 Qe6 13. f3 Nh5 14. Bf2 Nf4 15.
Qd1 Bb6 16. Nc4 Rb8 17. Qd2 a4 18. b3 Bxf2 19. Rxf2 Ra8 20. Rd1 Qg6 21. d4 f6
22. dxe5 fxe5 23. Nd3 Ne6 24. Re1 Ba6 25. Ne3 c5 26. Nf5 axb3 27. axb3 Bb7 28.
h3 Kh7 29. Kh2 Bc8 30. g4 Ra2 31. f4 exf4 32. Nxf4 Nxf4 33. Qxf4 Qf6 34. Qg3
Bb7 35. Rfe2 Qe5 36. Qxe5 Rxe5 37. Kg3 c4 38. bxc4 Ra4 39. c5 Rxc5 40. e5 Ra3+
41. Kh2 dxe5 42. Rxe5 Rxc2+ 43. R5e2 Rcc3 44. Ne3 Ba6 0-1

[Event "III Festival A"]
[Site "Lido degli Estensi - Comacchio ITA"]
[Date "2002.06.15"]
[Round "8"]
[White "Olarasu, Gabriela"]
[Black "Naumkin, Igor"]
[Result "0-1"]
[WhiteElo "2289"]
[BlackElo "2433"]
[PlyCount "114"]
[EventDate "2002.06.07"]

1. d4 e6 2. c4 f5 3. g3 Nf6 4. Bg2 Bb4+ 5. Bd2 Bxd2+ 6. Nxd2 O-O 7. Ngf3 d6 8.
O-O Nc6 9. Qc2 e5 10. d5 Ne7 11. e4 f4 12. gxf4 exf4 13. Rfe1 Ng6 14. c5 Ng4
15. Rac1 N4e5 16. cxd6 cxd6 17. Nxe5 Nxe5 18. Nf3 Nxf3+ 19. Bxf3 Qh4 20. Kh1
Rf6 21. Rg1 Rh6 22. Qxc8+ Rxc8 23. Rxc8+ Kf7 24. Rc7+ Kf6 25. Rg2 Qh3 26. Rc3
Qd7 27. Rg1 Rh4 28. b3 a5 29. Be2 Qe7 30. f3 Qe5 31. Rc2 Qd4 32. Bd1 g5 33.
Rcg2 g4 34. fxg4 Kg5 35. Rf1 Rh3 36. Rgf2 Qxe4+ 37. Bf3 Qe3 38. Bg2 Rh4 39. Bf3
Rh6 40. Kg2 Qc3 41. Re2 Qd3 42. h3 b5 43. Rh1 Kh4 44. Rhe1 Rg6 45. Re6 h5 46.
Rxg6 Qxg6 47. Re6 Qg7 48. Re4 hxg4 49. hxg4 Kg5 50. Re8 Qb2+ 51. Re2 Qa1 52.
Kf2 Qh8 53. Ke1 Qh7 54. Rd2 Qa7 55. Rf2 Kh4 56. Be2 Qd4 57. Rg2 Qc3+ 0-1

[Event "III Festival A"]
[Site "Lido degli Estensi - Comacchio ITA"]
[Date "2002.06.15"]
[Round "8"]
[White "Peek, Marcel"]
[Black "Zelcic, Robert"]
[Result "0-1"]
[WhiteElo "2345"]
[BlackElo "2547"]
[PlyCount "110"]
[EventDate "2002.06.07"]

1. d4 Nf6 2. c4 e6 3. Nf3 Bb4+ 4. Bd2 c5 5. Bxb4 cxb4 6. g3 O-O 7. Bg2 d6 8.
O-O a5 9. a3 Na6 10. axb4 Nxb4 11. Nc3 b6 12. Ne1 Ra7 13. Nb5 Re7 14. Nc2 Nxc2
15. Qxc2 Ba6 16. b4 Bxb5 17. cxb5 axb4 18. Qb2 d5 19. Qxb4 Rc7 20. Rfc1 Qd7 21.
e3 Rfc8 22. Rxc7 Qxc7 23. Bf3 g5 24. h3 h5 25. Qb2 Kg7 26. Qe2 Qc3 27. Qe1 Qc2
28. Qb1 g4 29. hxg4 hxg4 30. Bg2 Qd2 31. Qd1 Qxd1+ 32. Rxd1 Rc2 33. Bf1 Rb2 34.
Bd3 Nh7 35. Rb1 Rd2 36. Bxh7 Kxh7 37. Kg2 Kg6 38. Rb3 Kf5 39. Rb1 f6 40. Rb3
Rd1 41. Rb2 Re1 42. Rb3 Rc1 43. Rb2 Ke4 44. Ra2 Rb1 45. Ra8 Rxb5 46. Rf8 Kf5
47. Kf1 Rb1+ 48. Ke2 Rb2+ 49. Ke1 b5 50. Rf7 b4 51. Rf8 b3 52. Kf1 Rc2 53. Rb8
b2 54. Kg2 Ke4 55. Rb3 Rd2 0-1

[Event "III Festival A"]
[Site "Lido degli Estensi - Comacchio ITA"]
[Date "2002.06.15"]
[Round "8"]
[White "Popa, Claudiu"]
[Black "Molina, Fabrizio"]
[Result "1/2-1/2"]
[WhiteElo "2077"]
[BlackElo "2278"]
[PlyCount "134"]
[EventDate "2002.06.07"]

1. e4 e6 2. d4 d5 3. Nd2 c5 4. exd5 Qxd5 5. Ngf3 cxd4 6. Bc4 Qd6 7. O-O Nf6 8.
Nb3 Nc6 9. Nfxd4 a6 10. Be2 e5 11. Nxc6 Qxc6 12. Re1 Bd6 13. Na5 Qc7 14. Nc4
Bc5 15. Nxe5 O-O 16. Nd3 Rd8 17. Bf3 Bf5 18. Qe2 Re8 19. Qf1 Bd6 20. g3 Qxc2
21. Rxe8+ Rxe8 22. Ne1 Qc7 23. Be3 b5 24. a4 Qa5 25. Ng2 bxa4 26. Bc6 Rb8 27.
Rxa4 Qc7 28. Rxa6 Bc8 29. Bd4 Bxa6 30. Qxa6 Rc8 31. Bf3 Qc1+ 32. Qf1 Qxf1+ 33.
Kxf1 Nd7 34. Ne3 Be5 35. Nf5 Rc1+ 36. Ke2 g6 37. Ne7+ Kf8 38. Nc6 Bxd4 39. Nxd4
Rb1 40. b3 Nc5 41. Bd5 Ke7 42. h4 h5 43. Bc4 Nd7 44. f4 Rb2+ 45. Kf3 f5 46.
Nc6+ Kd6 47. Nd4 Ke7 48. Nc6+ Kf6 49. Nb4 Nc5 50. Nd5+ Kg7 51. b4 Ne4 52. Bd3
Nf2 53. Be2 Ng4 54. b5 Kf7 55. Nb6 Ke7 56. Na4 Rc2 57. Nb6 Kd6 58. Nc4+ Kd7 59.
Ne5+ Nxe5+ 60. fxe5 Ke6 61. Bd1 Rc1 62. Bb3+ Kxe5 63. Bf7 Rc3+ 64. Kg2 Kf6 65.
Be8 f4 66. gxf4 Kf5 67. Kh2 Kxf4 1/2-1/2

[Event "III Festival A"]
[Site "Lido degli Estensi - Comacchio ITA"]
[Date "2002.06.15"]
[Round "8"]
[White "Poropat, Marijan"]
[Black "Rebers, Eugene H."]
[Result "0-1"]
[WhiteElo "2135"]
[BlackElo "2342"]
[PlyCount "58"]
[EventDate "2002.06.07"]

1. Nf3 d6 2. g3 g6 3. Bg2 Bg7 4. c4 e5 5. Nc3 f5 6. O-O Nc6 7. Rb1 a5 8. d3 Nf6
9. Nh4 O-O 10. Bg5 Nd4 11. Bd5+ Kh8 12. Qc1 c6 13. Bg2 Ne6 14. e4 f4 15. Bxf6
Bxf6 16. Nf3 g5 17. Bh3 Nd4 18. Nxd4 exd4 19. Bxc8 Qxc8 20. Nd1 Qh3 21. f3 fxg3
22. Qd2 Be5 23. hxg3 Qxg3+ 24. Qg2 Qf4 25. b3 Rf6 26. Rb2 Raf8 27. Rbf2 Qh4 28.
Qg4 Bg3 29. Qxh4 Bxh4 0-1

[Event "III Festival A"]
[Site "Lido degli Estensi - Comacchio ITA"]
[Date "2002.06.15"]
[Round "8"]
[White "Rigo, Gianfrancesco"]
[Black "Troffiguer, Olivier"]
[Result "0-1"]
[WhiteElo "1930"]
[BlackElo "2148"]
[PlyCount "62"]
[EventDate "2002.06.07"]

1. e4 c5 2. Nf3 Nc6 3. d4 cxd4 4. Nxd4 Nf6 5. Nc3 d6 6. Bc4 e6 7. Be3 a6 8. Qe2
Qc7 9. Bb3 Be7 10. O-O-O Na5 11. g4 b5 12. g5 Nxb3+ 13. axb3 Nd7 14. f4 b4 15.
Na4 Nc5 16. f5 e5 17. Nxc5 exd4 18. Ne6 Bxe6 19. fxe6 dxe3 20. exf7+ Kf8 21.
Rhg1 a5 22. Rd4 a4 23. Rc4 Qb7 24. Qxe3 axb3 25. Qh3 d5 26. exd5 Ra1+ 27. Kd2
Qxd5+ 28. Qd3 Qxd3+ 29. Kxd3 Rxg1 30. Rc8+ Kxf7 31. Rxh8 Rd1+ 0-1

[Event "III Festival A"]
[Site "Lido degli Estensi - Comacchio ITA"]
[Date "2002.06.15"]
[Round "8"]
[White "Roeder, Matthias"]
[Black "Bukal, Vladimir sr"]
[Result "1-0"]
[WhiteElo "2487"]
[BlackElo "2432"]
[PlyCount "127"]
[EventDate "2002.06.07"]

1. d4 d5 2. c4 c6 3. e3 Nf6 4. Nc3 a6 5. Nf3 b5 6. b3 Bg4 7. Be2 e6 8. h3 Bh5
9. O-O Be7 10. Bb2 O-O 11. Rc1 Qb6 12. cxd5 cxd5 13. Ne5 Bxe2 14. Nxe2 Ra7 15.
Qd3 Rc7 16. Rxc7 Qxc7 17. Rc1 Qa5 18. Qc2 Bd6 19. Nf4 g6 20. Nfd3 b4 21. Nc6
Nxc6 22. Qxc6 Rd8 23. Qa4 Qxa4 24. bxa4 Ra8 25. Rc6 Be7 26. a5 Ne4 27. Rb6 Nd2
28. Rb7 Bd8 29. Nxb4 Nc4 30. Nc6 Bxa5 31. Ba3 Nxa3 32. Nxa5 Nb5 33. Nc6 Nd6 34.
Rd7 Nc4 35. Nd8 Nb6 36. Rb7 Rxd8 37. Rxb6 Ra8 38. a4 a5 39. Rb5 Kg7 40. g4 h6
41. Kg2 g5 42. h4 gxh4 43. Kh3 Kg6 44. Kxh4 Ra6 45. f3 f5 46. gxf5+ Kxf5 47.
Kg3 Kf6 48. Kf4 Ra8 49. e4 dxe4 50. fxe4 Ra6 51. Rh5 Kg6 52. Rh1 h5 53. Ke5 Rb6
54. Rg1+ Kh6 55. d5 exd5 56. exd5 Rb2 57. d6 Re2+ 58. Kd5 Rd2+ 59. Kc6 Rc2+ 60.
Kb6 Rd2 61. Kc7 Rc2+ 62. Kd8 Ra2 63. d7 Rxa4 64. Rd1 1-0

[Event "III Festival A"]
[Site "Lido degli Estensi - Comacchio ITA"]
[Date "2002.06.15"]
[Round "8"]
[White "Ronchetti, Niccolo'"]
[Black "Vospernik, Andrej"]
[Result "1/2-1/2"]
[WhiteElo "2040"]
[BlackElo "2150"]
[PlyCount "121"]
[EventDate "2002.06.07"]

1. e4 g6 2. d4 d5 3. exd5 Qxd5 4. Nc3 Qa5 5. Bc4 Nf6 6. Nf3 Bg7 7. O-O O-O 8.
Bd2 c6 9. Qe2 Qd8 10. Rfe1 Bg4 11. Qxe7 Bxf3 12. Bxf7+ Kh8 13. gxf3 Qxd4 14.
Rad1 Nbd7 15. Bh6 Qc5 16. Bxg7+ Kxg7 17. Be8+ Kh8 18. Bxd7 Qg5+ 19. Kh1 Qh5 20.
Bg4 Nxg4 21. fxg4 Qxg4 22. Qe5+ Kg8 23. Qe6+ Qxe6 24. Rxe6 Rxf2 25. Re2 Rf7 26.
Kg1 Raf8 27. Rde1 b6 28. Re8 Rd7 29. Rxf8+ Kxf8 30. Kf2 Kf7 31. Re3 Rd2+ 32.
Re2 Rd4 33. Ke3 Rb4 34. b3 Rh4 35. Rg2 Ke6 36. Ne4 Ke5 37. Ng5 Kd5 38. Rd2+ Kc5
39. a3 b5 40. Nf3 Rh5 41. Rd4 Rf5 42. Rd7 a5 43. Rxh7 a4 44. bxa4 bxa4 45. Ra7
Kc4 46. Rxa4+ Kc3 47. Rg4 Ra5 48. Rxg6 c5 49. Rg2 Rxa3 50. h4 Ra2 51. h5 c4 52.
h6 Ra7 53. Rh2 Re7+ 54. Kf4 Rh7 55. Ng5 Rh8 56. h7 Kb2 57. Kf5 c3 58. Kg6 Rd8
59. Ne4 Re8 60. Nxc3 Kc1 61. Ne4 1/2-1/2

[Event "III Festival A"]
[Site "Lido degli Estensi - Comacchio ITA"]
[Date "2002.06.15"]
[Round "8"]
[White "Sarno, Spartaco"]
[Black "Berni, Giorgio"]
[Result "1-0"]
[WhiteElo "2399"]
[BlackElo "2198"]
[PlyCount "105"]
[EventDate "2002.06.07"]

1. c4 Nf6 2. Nf3 e6 3. d4 d5 4. Nc3 Nbd7 5. cxd5 exd5 6. Bf4 c6 7. h3 Be7 8. e3
Nf8 9. Bd3 Ne6 10. Bh2 g6 11. Ne5 Ng7 12. g4 Nd7 13. Qc2 Nxe5 14. Bxe5 f6 15.
Bf4 Ne6 16. Bh6 Bf8 17. Bxf8 Nxf8 18. O-O-O Be6 19. Kb1 Nd7 20. f4 Nb6 21. Rhe1
Qd7 22. f5 gxf5 23. gxf5 Bf7 24. e4 O-O-O 25. e5 Bh5 26. e6 Qe7 27. Rc1 Kb8 28.
Qf2 Rhg8 29. Qh4 Rg5 30. Qf4+ Ka8 31. a3 a6 32. Rg1 Rdg8 33. Rxg5 Rxg5 34. Ka1
Ka7 35. Na2 Nc8 36. Nb4 Qd6 37. Qd2 Rg3 38. Bxa6 Ne7 39. Bd3 Rxh3 40. Qc2 Bg4
41. Qa4+ Kb8 42. Rc5 Rh1+ 43. Ka2 Bd1 44. Bc2 Bxc2 45. Nxc2 b6 46. Rc3 Rc1 47.
Rh3 b5 48. Qb3 Nxf5 49. Rxh7 Rxc2 50. Qxc2 Nxd4 51. Qg6 Nxe6 52. Qe8+ Nd8 53.
Rd7 1-0

[Event "III Festival A"]
[Site "Lido degli Estensi - Comacchio ITA"]
[Date "2002.06.15"]
[Round "8"]
[White "Sartori, Spartaco"]
[Black "Navarro, Stefano"]
[Result "0-1"]
[WhiteElo "2262"]
[BlackElo "2148"]
[PlyCount "46"]
[EventDate "2002.06.07"]

1. c4 e5 2. Nc3 d6 3. Nf3 f5 4. d4 e4 5. Bg5 Nf6 6. Nd2 Be7 7. e3 O-O 8. Be2 c6
9. b4 Na6 10. b5 Nc7 11. a4 Kh8 12. h4 Ne6 13. Nb3 Bd7 14. Kd2 a6 15. bxc6 bxc6
16. a5 Be8 17. g4 Nxg4 18. Nxe4 d5 19. Bxg4 fxg4 20. Qxg4 Bd7 21. Qg2 dxe4 22.
Qxe4 Bxg5 23. hxg5 Nxg5 0-1

[Event "III Festival A"]
[Site "Lido degli Estensi - Comacchio ITA"]
[Date "2002.06.15"]
[Round "8"]
[White "Skembris, Spyridon"]
[Black "Happel, Hendrik A."]
[Result "1/2-1/2"]
[WhiteElo "2429"]
[BlackElo "2255"]
[PlyCount "88"]
[EventDate "2002.06.07"]

1. d4 Nf6 2. c4 e6 3. Nf3 b6 4. g3 Ba6 5. Qa4 c5 6. Bg2 Bb7 7. dxc5 bxc5 8. Nc3
Be7 9. O-O O-O 10. Rd1 d6 11. Bf4 Qb6 12. Qb5 Rd8 13. Qxb6 axb6 14. Nb5 Ne8 15.
Bg5 Kf8 16. h4 h6 17. Bxe7+ Kxe7 18. Nd2 Bxg2 19. Kxg2 Na6 20. Ne4 d5 21. cxd5
exd5 22. Nd2 Nac7 23. Nxc7 Nxc7 24. a3 Ne6 25. Rac1 Ra4 26. e3 b5 27. Nb3 c4
28. Nd4 Nxd4 29. Rxd4 b4 30. e4 bxa3 31. bxa3 Rxa3 32. exd5 Rd3 33. Rcxc4 Rxd5
34. Rc7+ Kf8 35. Rc8+ Ke7 36. Re4+ Kf6 37. Rf4+ Kg6 38. Rg8 Kh7 39. Rb8 f6 40.
Rb7 Rd7 41. Rbb4 R3d5 42. Ra4 h5 43. Rab4 Kg6 44. Rb8 Rd8 1/2-1/2

[Event "III Festival A"]
[Site "Lido degli Estensi - Comacchio ITA"]
[Date "2002.06.16"]
[Round "9"]
[White "Berni, Giorgio"]
[Black "Popa, Claudiu"]
[Result "1/2-1/2"]
[WhiteElo "2198"]
[BlackElo "2077"]
[PlyCount "31"]
[EventDate "2002.06.07"]

1. e4 e5 2. Nf3 Nc6 3. Bb5 f5 4. d3 fxe4 5. dxe4 Nf6 6. O-O d6 7. Qd3 Bg4 8.
Nbd2 Qd7 9. a3 Be7 10. h3 Be6 11. Bc4 Nh5 12. Qb3 Nf4 13. Bxe6 Nxe6 14. Qxb7
Rb8 15. Qa6 O-O 16. Qc4 1/2-1/2

[Event "III Festival A"]
[Site "Lido degli Estensi - Comacchio ITA"]
[Date "2002.06.16"]
[Round "9"]
[White "Burani, Eugenio"]
[Black "Sciortino, Massimo"]
[Result "0-1"]
[WhiteElo "2072"]
[BlackElo "2204"]
[PlyCount "62"]
[EventDate "2002.06.07"]

1. e4 c5 2. Nf3 Nc6 3. d4 cxd4 4. Nxd4 g6 5. Nc3 Bg7 6. Be3 Nf6 7. f3 O-O 8.
Qd2 d5 9. Nxc6 bxc6 10. e5 Ne8 11. f4 f6 12. exf6 Nxf6 13. O-O-O Qa5 14. Bd4 e6
15. a3 c5 16. Be5 d4 17. Ne4 Qxd2+ 18. Nxd2 Ng4 19. Bxg7 Kxg7 20. Re1 Rxf4 21.
g3 Rf7 22. Bg2 Rb8 23. Nb3 Rxb3 24. cxb3 Nf2 25. Rhf1 Nd3+ 26. Kd2 Nxe1 27.
Rxf7+ Kxf7 28. Kxe1 e5 29. Kd2 Be6 30. b4 cxb4 31. axb4 Bf5 0-1

[Event "III Festival A"]
[Site "Lido degli Estensi - Comacchio ITA"]
[Date "2002.06.16"]
[Round "9"]
[White "Dickhoff, Ronald"]
[Black "Valenti, Richard"]
[Result "1/2-1/2"]
[WhiteElo "2230"]
[BlackElo "2152"]
[PlyCount "48"]
[EventDate "2002.06.07"]

1. d4 g6 2. c4 Nf6 3. Nc3 Bg7 4. e4 O-O 5. Nf3 c6 6. h3 d5 7. e5 Ne4 8. Bd3
Nxc3 9. bxc3 dxc4 10. Bxc4 c5 11. Be3 cxd4 12. cxd4 Nc6 13. O-O Na5 14. Be2 Be6
15. Qa4 a6 16. Rfc1 b5 17. Qb4 Bc4 18. Bxc4 Nxc4 19. a4 Qd7 20. axb5 axb5 21.
Rxa8 Rxa8 22. Rb1 Nxe3 23. fxe3 Bh6 24. e4 Qc6 1/2-1/2

[Event "III Festival A"]
[Site "Lido degli Estensi - Comacchio ITA"]
[Date "2002.06.16"]
[Round "9"]
[White "Efimov, Igor"]
[Black "Dervishi, Erald"]
[Result "1/2-1/2"]
[WhiteElo "2446"]
[BlackElo "2523"]
[PlyCount "22"]
[EventDate "2002.06.07"]

1. e4 e5 2. Nf3 Nc6 3. Bb5 a6 4. Ba4 Nf6 5. O-O Be7 6. Re1 b5 7. Bb3 d6 8. c3
O-O 9. h3 Nd7 10. d4 Bf6 11. Be3 Na5 1/2-1/2

[Event "III Festival A"]
[Site "Lido degli Estensi - Comacchio ITA"]
[Date "2002.06.16"]
[Round "9"]
[White "Galego, Luis"]
[Black "Sarno, Spartaco"]
[Result "1/2-1/2"]
[WhiteElo "2532"]
[BlackElo "2399"]
[PlyCount "127"]
[EventDate "2002.06.07"]

1. e4 d6 2. d4 Nf6 3. Nc3 g6 4. Bg5 Bg7 5. Qd2 O-O 6. O-O-O c6 7. Bh6 b5 8.
Bxg7 Kxg7 9. f3 Qa5 10. Kb1 Be6 11. d5 b4 12. dxe6 bxc3 13. Qxc3 Qxc3 14. bxc3
fxe6 15. Ne2 e5 16. Nc1 Nbd7 17. Nd3 Nb6 18. Kc1 a5 19. Nf2 Rab8 20. Kd2 Na4
21. Bd3 Rb6 22. Rb1 Nb2 23. h4 Rfb8 24. Ra1 Nh5 25. Nh3 Ng3 26. Rhe1 Kh6 27. f4
exf4 28. Nxf4 e5 29. Ne2 Nxe2 30. Bxe2 Na4 31. Rf1 Nc5 32. Bd3 Kg7 33. Ke3 d5
34. a4 Rf8 35. Rxf8 Kxf8 36. exd5 cxd5 37. Bb5 Ke7 38. Rd1 Rd6 39. Re1 Rd8 40.
Rd1 Ne4 41. c4 Nc3 42. Re1 dxc4 43. Bxc4 Rd4 44. Bd3 Kd6 45. Rh1 Nd5+ 46. Kf3
Rxa4 47. h5 Rf4+ 48. Ke2 Rg4 49. hxg6 hxg6 50. Kf3 Nf6 51. Kf2 e4 52. Be2 Rf4+
53. Ke3 Nd5+ 54. Kd4 e3+ 55. Kd3 Kc5 56. c3 Rf2 57. Ra1 Kb6 58. Rb1+ Kc7 59.
Ra1 Rxg2 60. Rxa5 Nf4+ 61. Kxe3 Nxe2 62. Kf3 Rh2 63. Rg5 Nxc3 64. Rxg6 1/2-1/2

[Event "III Festival A"]
[Site "Lido degli Estensi - Comacchio ITA"]
[Date "2002.06.16"]
[Round "9"]
[White "Gasperi, Fosco"]
[Black "Costantini, Laura"]
[Result "1-0"]
[WhiteElo "1824"]
[BlackElo "2058"]
[PlyCount "23"]
[EventDate "2002.06.07"]

1. d4 Nf6 2. c4 g6 3. Nc3 Bg7 4. e4 d6 5. f4 O-O 6. Nf3 c5 7. d5 b5 8. cxb5 Qa5
9. Bd2 Qb4 10. Qc2 a6 11. a4 Nfd7 12. Nd1 1-0

[Event "III Festival A"]
[Site "Lido degli Estensi - Comacchio ITA"]
[Date "2002.06.16"]
[Round "9"]
[White "Georgiev, Vladimir"]
[Black "Iordachescu, Viorel"]
[Result "0-1"]
[WhiteElo "2502"]
[BlackElo "2555"]
[PlyCount "72"]
[EventDate "2002.06.07"]

1. d4 Nf6 2. c4 e6 3. Nc3 Bb4 4. e3 O-O 5. Bd3 d5 6. Nge2 dxc4 7. Bxc4 c5 8. a3
Bxc3+ 9. Nxc3 cxd4 10. exd4 Nc6 11. Be3 b6 12. O-O Bb7 13. Qd3 Qd6 14. h3 Rac8
15. Rfd1 Ne7 16. Ba6 Bxa6 17. Qxa6 Nfd5 18. Rac1 Qd7 19. Bg5 f6 20. Bh4 Rc6 21.
Nxd5 Nxd5 22. Bg3 Rfc8 23. Rxc6 Rxc6 24. Rd2 b5 25. Qa5 Rc4 26. Rd1 Rc2 27. Bb8
Rxb2 28. Bxa7 h6 29. Bc5 Qb7 30. Qd8+ Kh7 31. Rd3 Nf4 32. Rf3 Qe4 33. Qc7 Qe1+
34. Kh2 Ne2 35. h4 Qg1+ 36. Kh3 Qh1+ 0-1